Bases de la alimentación racional. (Record no. 37975)

MARC details
000 -LEADER
fixed length control field 00750cam a22002411 4500
001 - CONTROL NUMBER
control field med47000116
003 - CONTROL NUMBER IDENTIFIER
control field DLC
005 - DATE AND TIME OF LATEST TRANSACTION
control field 20260227111558.0
008 - FIXED-LENGTH DATA ELEMENTS--GENERAL INFORMATION
fixed length control field 810725s1944 xx 000 0 spa
010 ## - LIBRARY OF CONGRESS CONTROL NUMBER
LC control number med47000116
035 ## - SYSTEM CONTROL NUMBER
System control number (OCoLC)14723107
040 ## - CATALOGING SOURCE
Original cataloging agency DLC
Transcribing agency DNLM
Modifying agency DLC
042 ## - AUTHENTICATION CODE
Authentication code premarc
050 00 - LIBRARY OF CONGRESS CALL NUMBER
Classification number TX353
Item number .C634
060 00 - NATIONAL LIBRARY OF MEDICINE CALL NUMBER
Classification number QU 145
Item number C837b 1944
060 00 - NATIONAL LIBRARY OF MEDICINE CALL NUMBER
Classification number Film 6251 no. 8
100 1# - MAIN ENTRY--PERSONAL NAME
Personal name Costa, Dante,
Dates associated with a name 1912-
245 10 - TITLE STATEMENT
Title Bases de la alimentación racional.
Statement of responsibility, etc. Versión castellana de J. W. Steinhart.
260 ## - PUBLICATION, DISTRIBUTION, ETC.
Place of publication, distribution, etc. Buenos Aires,
Name of publisher, distributor, etc. Editorial americalee
Date of publication, distribution, etc. [c1944]
300 ## - PHYSICAL DESCRIPTION
Extent 222, [3] p.
500 ## - GENERAL NOTE
General note Revised text of the 2d Brazilian ed. of: Bases da alimentação rational.
500 ## - GENERAL NOTE
General note Microfilmed for preservation
Institution to which field applies DNLM

No items available.

Powered by Koha